[Event "Bar op"]
[Site "Bar"]
[Date "2010.04.23"]
[Round "8"]
[White "Dabetic, Radojica"]
[Black "Ashiku, Franc"]
[Result "1/2-1/2"]
[WhiteElo "2305"]
[BlackElo "2064"]
[PlyCount "80"]
[EventDate "2010.04.17"]
[EventType "swiss"]
[EventRounds "9"]
[EventCountry "MNE"]
[SourceTitle "CBM 135 Extra"]
[Source "ChessBase"]
[SourceDate "2010.05.04"]
[SourceVersion "1"]
[SourceVersionDate "2010.05.04"]
[SourceQuality "1"]

1. e4 c5 2. Nf3 Nc6 3. Nc3 Nf6 4. Bb5 d6 5. 0-0 Bd7 6. Re1 e6 7. d3 Be7 8. a4 Ng4 9. Bf4 g5 10. Bc1 h5 11. a5 Nxa5 12. Bxd7+ Kxd7 13. d4 cxd4 14. Qxd4 Nc6 15. Qd1 f6 16. Be3 Nxe3 17. Rxe3 g4 18. Nd2 Ne5 19. Qe2 a6 20. Nc4 Nxc4 21. Qxc4 Qc8 22. Qb3 Qc6 23. Rd1 Rac8 24. e5 fxe5 25. Rxe5 d5 26. Rde1 Bf6 27. Rxe6 Rce8 28. Rxe8 Rxe8 29. Rxe8 Kxe8 30. Nxd5 Bxb2 31. Qe3+ Kd7 32. Qe7+ Kc8 33. Qf8+ Kd7 34. Qe7+ Kc8 35. c4 b5 36. Qf8+ Kb7 37. Qe7+ Kb8 38. Qd8+ Kb7 39. Qe7+ Kb8 40. Qd8+ Kb7 1/2-1/2

[Event "EU-Cup 25th"]
[Site "Ohrid"]
[Date "2009.10.10"]
[Round "7.5"]
[White "Dabetic, Radojica"]
[Black "Baklan, Vladimir"]
[Result "0-1"]
[WhiteElo "2322"]
[BlackElo "2646"]
[PlyCount "100"]
[EventDate "2009.10.04"]
[EventType "team-swiss"]
[EventRounds "7"]
[EventCountry "MKD"]
[SourceTitle "CBM 133"]
[Source "ChessBase"]
[SourceDate "2009.11.19"]
[SourceVersion "1"]
[SourceVersionDate "2009.11.19"]
[SourceQuality "1"]
[WhiteTeam "Podgorica Buducnost"]
[BlackTeam "Kiev Kievchess"]
[WhiteTeamCountry "YUG"]
[BlackTeamCountry "UKR"]

1. e4 c5 2. Nf3 a6 3. c3 d6 4. d4 Qc7 5. Bd3 g6 6. h3 Bg7 7. 0-0 Nf6 8. Re1 e5 9. Nbd2 0-0 10. Nf1 cxd4 11. cxd4 exd4 12. Nxd4 Nbd7 13. Ng3 d5 14. Nb3 Re8 15. exd5 Rxe1+ 16. Qxe1 Nxd5 17. Qe8+ Nf8 18. Bd2 Rb8 19. Rc1 Bd7 20. Rxc7 Bxe8 21. Rc2 Ne6 22. Ne4 Bb5 23. Bxb5 axb5 24. a3 Rd8 25. g3 h6 26. Bc1 f5 27. Ned2 Nb6 28. Kg2 Na4 29. Nf3 Kf7 30. Na5 Rd7 31. b3 Nac5 32. b4 Nd3 33. Bd2 g5 34. Nb3 Rd8 35. Ne1 Ne5 36. Nc5 Nc4 37. Nxe6 Kxe6 38. Bc1 Rd1 39. Nf3 Kd5 40. g4 f4 41. h4 Bf6 42. hxg5 hxg5 43. Bd2 b6 44. Be1 Rd3 45. Re2 Rxf3 46. Kxf3 Ne5+ 47. Rxe5+ Bxe5 48. Bd2 Bb2 49. Ke2 Kd4 50. f3 Bxa3 0-1

[Event "Cetinje Batricevic Memorial op"]
[Site "Cetinje"]
[Date "2009.08.17"]
[Round "9"]
[White "Bogut, Zeljko"]
[Black "Dabetic, Radojica"]
[Result "1-0"]
[WhiteElo "2451"]
[BlackElo "2340"]
[PlyCount "69"]
[EventDate "2009.08.09"]
[EventType "swiss"]
[EventRounds "9"]
[EventCountry "MNE"]
[SourceTitle "CBM 131 Extra"]
[Source "ChessBase"]
[SourceDate "2009.09.03"]
[SourceVersion "2"]
[SourceVersionDate "2009.09.16"]
[SourceQuality "1"]

1. e4 c5 2. Nc3 Nc6 3. Bb5 d6 4. d4 cxd4 5. Qxd4 Bd7 6. Bxc6 Bxc6 7. Bg5 Nf6 8. 0-0-0 e6 9. Nf3 Be7 10. Rhe1 0-0 11. Qd3 Qa5 12. Kb1 Rfc8 13. h4 b5 14. Nd4 b4 15. Nxc6 Rxc6 16. Ne2 Rac8 17. Nd4 Rc4 18. b3 R4c5 19. f3 Qc7 20. Re2 Qb8 21. g4 a5 22. Qa6 Bf8 23. Bxf6 gxf6 24. f4 d5 25. e5 fxe5 26. fxe5 Bg7 27. Rde1 R8c7 28. g5 Ra7 29. Qd3 Rc3 30. Qd2 Rac7 31. h5 Rg3 32. Qf4 Rcc3 33. Rf1 Qe8 34. h6 Bf8 35. Ref2 1-0

[Event "Cetinje Batricevic Memorial op"]
[Site "Cetinje"]
[Date "2009.08.13"]
[Round "5"]
[White "Bojkov, Dejan"]
[Black "Dabetic, Radojica"]
[Result "1-0"]
[WhiteElo "2521"]
[BlackElo "2340"]
[PlyCount "101"]
[EventDate "2009.08.09"]
[EventType "swiss"]
[EventRounds "9"]
[EventCountry "MNE"]
[SourceTitle "CBM 131 Extra"]
[Source "ChessBase"]
[SourceDate "2009.09.03"]
[SourceVersion "2"]
[SourceVersionDate "2009.09.16"]
[SourceQuality "1"]

1. e4 c5 2. Nf3 d6 3. Bb5+ Bd7 4. Bxd7+ Nxd7 5. 0-0 Ngf6 6. Qe2 e6 7. b3 Be7 8. Bb2 0-0 9. c4 Re8 10. d4 cxd4 11. Nxd4 Qb6 12. Rd1 Nc5 13. Nc3 Rad8 14. Nc2 a6 15. Qf3 Ncd7 16. Ne3 Qc6 17. Nc2 Rc8 18. Rac1 Qb6 19. Qe2 Qa5 20. Nd4 Bf8 21. Rc2 Nc5 22. a3 Qb6 23. b4 Ncd7 24. Kh1 Qc7 25. Nb1 Qb8 26. Nf3 e5 27. Rdc1 b6 28. Nc3 Qb7 29. Nd5 Rc6 30. Nd2 b5 31. Nb3 Rxc4 32. Rxc4 bxc4 33. Na5 Qa7 34. Nxf6+ Nxf6 35. Rxc4 d5 36. exd5 Nxd5 37. h3 Qd7 38. Qd3 Re6 39. Nb3 Qb5 40. Nc5 Nb6 41. Rc1 Re8 42. Qe4 f6 43. Kh2 Kh8 44. Rc2 Rb8 45. Ne6 Na4 46. Bc1 Kg8 47. Rc7 Qb6 48. Qc4 Kh8 49. Nxf8 Rxf8 50. Qf7 Rg8 51. Bh6 1-0

[Event "Cetinje Batricevic Memorial op"]
[Site "Cetinje"]
[Date "2009.08.10"]
[Round "2"]
[White "Dabetic, Radojica"]
[Black "Dedic, Slavko"]
[Result "1-0"]
[WhiteElo "2340"]
[BlackElo "1989"]
[PlyCount "97"]
[EventDate "2009.08.09"]
[EventType "swiss"]
[EventRounds "9"]
[EventCountry "MNE"]
[SourceTitle "CBM 131 Extra"]
[Source "ChessBase"]
[SourceDate "2009.09.03"]
[SourceVersion "2"]
[SourceVersionDate "2009.09.16"]
[SourceQuality "1"]

1. e4 d6 2. d4 Nf6 3. Nc3 g6 4. Nf3 Bg7 5. Be3 0-0 6. Qd2 Ng4 7. Bg5 f6 8. Bh4 c5 9. h3 Nh6 10. Bc4+ Kh8 11. 0-0 cxd4 12. Nxd4 Nc6 13. Ne6 Bxe6 14. Bxe6 Qa5 15. Rad1 Nd8 16. Bb3 Nc6 17. Rfe1 Rfd8 18. f3 Rf8 19. Bf2 Rac8 20. Be6 Ra8 21. a3 Ng8 22. Qe2 Nd8 23. Bb3 Nc6 24. Nd5 Bh6 25. Rf1 Rac8 26. Be1 Qd8 27. Kh1 Na5 28. Ba2 Nc6 29. f4 e5 30. Bc3 Qe8 31. Rd3 Nge7 32. Ne3 Bxf4 33. Nc4 Ra8 34. Nxd6 Qb8 35. Rxf4 exf4 36. e5 Nf5 37. Nxf5 fxe5 38. Nd6 h5 39. Bxe5+ Kh7 40. Bc3 Qc7 41. Nb5 Qc8 42. Be6 Re8 43. Bxc8 Rxe2 44. Bxb7 Rb8 45. Bxc6 Rxc2 46. Rd7+ Kh6 47. h4 g5 48. Rd6+ Kh7 49. Be4+ 1-0

[Event "Cetinje Batricevic Memorial op"]
[Site "Cetinje"]
[Date "2009.08.09"]
[Round "1"]
[White "Potpara, Nikola"]
[Black "Dabetic, Radojica"]
[Result "1-0"]
[WhiteElo "1838"]
[BlackElo "2340"]
[PlyCount "61"]
[EventDate "2009.08.09"]
[EventType "swiss"]
[EventRounds "9"]
[EventCountry "MNE"]
[SourceTitle "CBM 131 Extra"]
[Source "ChessBase"]
[SourceDate "2009.09.03"]
[SourceVersion "2"]
[SourceVersionDate "2009.09.16"]
[SourceQuality "1"]

1. d4 Nf6 2. c4 g6 3. Nc3 d5 4. Nf3 Bg7 5. cxd5 Nxd5 6. e4 Nxc3 7. bxc3 c5 8. Be3 0-0 9. Qd2 Qa5 10. Rc1 cxd4 11. cxd4 Qxd2+ 12. Nxd2 Nc6 13. Nb3 Rd8 14. d5 Ne5 15. Be2 f5 16. f4 Nf7 17. exf5 Bxf5 18. Bf3 Nd6 19. 0-0 Be4 20. Bxe4 Nxe4 21. Rc7 b6 22. Rxe7 Nf6 23. Bd4 Rxd5 24. Rc1 Rad8 25. Rcc7 Bh8 26. Rxa7 Rxd4 27. Nxd4 Nd5 28. Nc6 Bd4+ 29. Kf1 Rf8 30. Nxd4 Rxf4+ 31. Nf3 1-0

[Event "Bar op-A"]
[Site "Bar"]
[Date "2008.04.04"]
[Round "7"]
[White "Dragojlovic, Andjelko"]
[Black "Dabetic, Radojica"]
[Result "0-1"]
[WhiteElo "2377"]
[BlackElo "2333"]
[PlyCount "116"]
[EventDate "2008.03.29"]
[EventType "swiss"]
[EventRounds "9"]
[EventCountry "YUG"]
[SourceTitle "CBM 123 Extra"]
[Source "ChessBase"]
[SourceDate "2008.05.06"]
[SourceVersion "1"]
[SourceVersionDate "2008.05.06"]
[SourceQuality "1"]

1. e4 c5 2. Nf3 d6 3. c3 Nf6 4. Be2 e6 5. 0-0 Nc6 6. Qc2 Be7 7. d4 cxd4 8. cxd4 d5 9. e5 Ne4 10. Nc3 Nxc3 11. bxc3 Bd7 12. Bd3 h6 13. Qe2 Rc8 14. Nd2 Na5 15. Nb1 Nc4 16. Qh5 Kf8 17. Qe2 g6 18. f4 h5 19. g3 Kg7 20. h3 Qa5 21. a3 Ba4 22. Rf3 a6 23. Qf1 Bb5 24. a4 Nb6 25. Bxb5 axb5 26. Qxb5 Qxb5 27. axb5 Ra8 28. Rxa8 Rxa8 29. Be3 Ra5 30. Nd2 Rxb5 31. Rf1 Nc4 32. Nxc4 dxc4 33. Rf2 Rb3 34. Rc2 Kf8 35. g4 hxg4 36. hxg4 Ke8 37. Kg2 Kd7 38. Kf3 Kc6 39. Ke4 Bd8 40. Bd2 Ba5 41. Be1 Rb1 42. Re2 Rc1 43. Re3 b5 44. f5 gxf5+ 45. gxf5 Rc2 46. f6 Rh2 47. Bg3 Rg2 48. Bf4 Rc2 49. Rh3 Bxc3 50. Rh7 b4 51. Rxf7 b3 52. Rf8 Bb4 53. Rb8 Ba3 54. d5+ exd5+ 55. Kf5 Rf2 56. f7 b2 57. Kg5 c3 58. Rb3 Be7+ 0-1

[Event "Bar op-A"]
[Site "Bar"]
[Date "2008.04.01"]
[Round "4"]
[White "Dabetic, Radojica"]
[Black "Boshku, Harallamb"]
[Result "1-0"]
[WhiteElo "2333"]
[BlackElo "2345"]
[PlyCount "67"]
[EventDate "2008.03.29"]
[EventType "swiss"]
[EventRounds "9"]
[EventCountry "YUG"]
[SourceTitle "CBM 123 Extra"]
[Source "ChessBase"]
[SourceDate "2008.05.06"]
[SourceVersion "1"]
[SourceVersionDate "2008.05.06"]
[SourceQuality "1"]

1. e4 e5 2. Nf3 Nc6 3. Bc4 Nf6 4. d3 Bc5 5. c3 a6 6. Bb3 d6 7. Nbd2 Ba7 8. 0-0 0-0 9. h3 h6 10. Re1 Nh5 11. Nf1 Qf6 12. Be3 Nf4 13. Ng3 g6 14. d4 h5 15. a4 Kg7 16. a5 Rh8 17. Ra4 Bg4 18. Bxf4 exf4 19. Nf1 Bd7 20. h4 Rae8 21. Ng5 Nd8 22. Rc4 Bb8 23. e5 Qe7 24. Rb4 Bg4 25. Qd2 c5 26. Rb6 dxe5 27. dxe5 Bxe5 28. Nh2 Qd7 29. Qc2 Bc7 30. Rxe8 Rxe8 31. Bxf7 Re1+ 32. Nf1 Bxb6 33. Qxg6+ Kf8 34. Nh7+ 1-0

[Event "YUG-chT"]
[Site "Niksic"]
[Date "1997.??.??"]
[Round "7"]
[White "Dabetic, Radojica"]
[Black "Pikula, Dejan"]
[Result "1/2-1/2"]
[WhiteElo "2315"]
[BlackElo "2465"]
[PlyCount "105"]
[EventDate "1997.08.27"]
[EventType "team"]
[EventRounds "11"]
[EventCountry "YUG"]
[SourceTitle "CBM 059 Extra"]
[Source "ChessBase"]
[SourceDate "1997.09.26"]
[SourceVersion "1"]
[SourceVersionDate "1997.09.26"]
[SourceQuality "1"]

1. e4 c5 2. Nf3 e6 3. d4 cxd4 4. Nxd4 a6 5. Nc3 Qc7 6. Be2 Nf6 7. 0-0 d6 8. f4 Be7 9. Be3 0-0 10. Kh1 b5 11. a3 Bb7 12. Bf3 Nbd7 13. Qe1 Rfe8 14. Rd1 Bf8 15. Qg3 Nc5 16. e5 Nfe4 17. Nxe4 Nxe4 18. Bxe4 Bxe4 19. c3 Rad8 20. Rf2 dxe5 21. fxe5 Rd5 22. Bf4 Red8 23. Rdf1 Bg6 24. Bg5 Rc8 25. Bf4 a5 26. Re1 b4 27. axb4 axb4 28. Bd2 Rcd8 29. Qe3 Bc5 30. Rf4 Qb6 31. h3 h5 32. Qg3 Qa6 33. Nb3 Bb6 34. Be3 bxc3 35. bxc3 Rd3 36. Rf3 Rxc3 37. Bxb6 Rxf3 38. Qxf3 Qxb6 39. Nc1 Kh7 40. Ne2 Rd3 41. Qf1 Rd2 42. Qf3 Qb2 43. Ng1 Qd4 44. Qe3 Qxe3 45. Rxe3 Bd3 46. Nf3 Rd1+ 47. Kh2 Kh6 48. Kg3 g5 49. h4 g4 50. Re1 Rxe1 51. Nxe1 Bb1 52. Kf4 Kg6 53. g3 1/2-1/2

[Event "YUG-chT"]
[Site "Tivat"]
[Date "1995.??.??"]
[Round "4"]
[White "Kostic, Branimir"]
[Black "Dabetic, Radojica"]
[Result "0-1"]
[WhiteElo "2330"]
[BlackElo "2370"]
[PlyCount "112"]
[EventDate "1995.??.??"]
[EventType "team-swiss"]
[EventRounds "11"]
[EventCountry "YUG"]
[SourceTitle "CBM 048 Extra"]
[Source "ChessBase"]
[SourceDate "1995.11.01"]
[SourceVersion "1"]
[SourceVersionDate "1995.11.01"]
[SourceQuality "1"]

1. d4 d5 2. c4 e6 3. Nc3 c5 4. cxd5 exd5 5. Nf3 Nc6 6. g3 Nf6 7. Bg2 Be7 8. 0-0 0-0 9. Bg5 cxd4 10. Nxd4 h6 11. Bxf6 Bxf6 12. Nb3 d4 13. Nd5 Re8 14. Nxf6+ Qxf6 15. Qd2 Bg4 16. Rfe1 Rad8 17. h3 Bc8 18. Nc5 b6 19. Nd3 Ne5 20. Nxe5 Qxe5 21. Rad1 Bf5 22. e4 dxe3 23. Qxd8 exf2+ 24. Kxf2 Qxe1+ 25. Rxe1 Rxd8 26. Re2 Be6 27. b3 g6 28. h4 Kg7 29. Be4 Kf6 30. Rc2 Rc8 31. Rd2 Rc1 32. Ke3 Ke5 33. Bg2 Ra1 34. Re2 Bf5 35. Rd2 Re1+ 36. Kf2 Rc1 37. Rd5+ Kf6 38. Rd2 Rc2 39. Rxc2 Bxc2 40. b4 Ke5 41. Ke3 f5 42. Bc6 g5 43. hxg5 hxg5 44. a4 Be4 45. Be8 f4+ 46. gxf4+ gxf4+ 47. Ke2 a5 48. bxa5 bxa5 49. Bd7 Kd4 50. Be8 Kc3 51. Bd7 Kb4 52. Be8 Bc2 53. Kf3 Bxa4 54. Bf7 Bd1+ 55. Kxf4 a4 56. Ke3 Kc3 0-1

[Event "YUG-chT"]
[Site "Tivat"]
[Date "1995.??.??"]
[Round "9"]
[White "Savanovic, Aleksandar"]
[Black "Dabetic, Radojica"]
[Result "0-1"]
[WhiteElo "2350"]
[BlackElo "2370"]
[PlyCount "125"]
[EventDate "1995.??.??"]
[EventType "team-swiss"]
[EventRounds "11"]
[EventCountry "YUG"]
[SourceTitle "CBM 048 Extra"]
[Source "ChessBase"]
[SourceDate "1995.11.01"]
[SourceVersion "1"]
[SourceVersionDate "1995.11.01"]
[SourceQuality "1"]

1. e4 c5 2. Nf3 d6 3. d4 cxd4 4. Nxd4 Nf6 5. Nc3 g6 6. Be2 Bg7 7. 0-0 0-0 8. Re1 Nc6 9. Nb3 Be6 10. Bf1 Rc8 11. Nd5 Re8 12. Bg5 Bxd5 13. exd5 Ne5 14. c3 a6 15. g3 Qd7 16. Bg2 Nc4 17. Bc1 Rc7 18. Nd4 Nb6 19. Qb3 Na4 20. h3 Nc5 21. Qd1 Na4 22. Re2 Nb6 23. Qb3 Nc4 24. Qd1 Nb6 25. Nb3 Qb5 26. a4 Qd7 27. a5 Nc4 28. Nd4 Rc5 29. b3 Rxa5 30. Rxa5 Nxa5 31. Ra2 Qc7 32. c4 Nd7 33. Be3 b6 34. Nc6 Nxc6 35. dxc6 Nb8 36. Qf3 a5 37. h4 Rc8 38. Bg5 h6 39. Bf4 Nxc6 40. h5 g5 41. Be3 Ne5 42. Qd1 Rb8 43. f4 gxf4 44. gxf4 Nd7 45. Bf3 Nf6 46. Qd3 Qd7 47. Rg2 Kh8 48. Bd4 e5 49. Bb2 Qe6 50. Bd5 Nxd5 51. cxd5 Qf6 52. fxe5 dxe5 53. Qe4 Rd8 54. Kh2 b5 55. d6 Qe6 56. Rd2 Rxd6 57. Qa8+ Kh7 58. Qe4+ Kg8 59. Qa8+ Kh7 60. Qe4+ f5 61. Rxd6 Qxd6 62. Qxf5+ Kg8 63. Kh3 0-1

[Event "YUG-chT"]
[Site "Tivat"]
[Date "1995.??.??"]
[Round "11"]
[White "Ujhazi, Ivan"]
[Black "Dabetic, Radojica"]
[Result "1-0"]
[WhiteElo "2285"]
[BlackElo "2370"]
[PlyCount "69"]
[EventDate "1995.??.??"]
[EventType "team-swiss"]
[EventRounds "11"]
[EventCountry "YUG"]
[SourceTitle "CBM 048 Extra"]
[Source "ChessBase"]
[SourceDate "1995.11.01"]
[SourceVersion "1"]
[SourceVersionDate "1995.11.01"]
[SourceQuality "1"]

1. e4 c5 2. Nf3 d6 3. c3 Nf6 4. h3 Nc6 5. Bd3 g6 6. 0-0 Bg7 7. Re1 0-0 8. Bc2 e5 9. d4 exd4 10. cxd4 cxd4 11. Nxd4 d5 12. Nxc6 bxc6 13. e5 Nd7 14. f4 Qb6+ 15. Be3 Qxb2 16. Nd2 Qa3 17. Nb3 Ba6 18. Qg4 Qe7 19. Rad1 Rfe8 20. Kh1 Bc8 21. Qf3 a5 22. Nd4 Bb7 23. Ba4 Ra6 24. Rc1 Rc8 25. Nb3 Qb4 26. Qg4 Rd8 27. e6 Nf6 28. exf7+ Kxf7 29. Qh4 Bc8 30. Bc5 Qxa4 31. Re7+ Kg8 32. Rce1 Ne4 33. Rxg7+ Kxg7 34. Qxd8 Bf5 35. Qf8# 1-0

[Event "YUG-chT"]
[Site "Igalo"]
[Date "1994.??.??"]
[Round "5"]
[White "Barlov, Dragan"]
[Black "Dabetic, Radojica"]
[Result "1-0"]
[WhiteElo "2500"]
[BlackElo "2325"]
[PlyCount "133"]
[EventDate "1994.??.??"]
[EventType "team"]
[EventRounds "9"]
[EventCountry "YUG"]
[SourceTitle "EXT 2002"]
[Source "ChessBase"]
[SourceDate "2001.11.25"]
[SourceVersion "1"]
[SourceVersionDate "2001.11.25"]
[SourceQuality "1"]

1. d4 d5 2. c4 e6 3. Nc3 c5 4. cxd5 exd5 5. Nf3 Nc6 6. g3 Nf6 7. Bg2 Be7 8. 0-0 0-0 9. dxc5 Bxc5 10. Bg5 d4 11. Bxf6 Qxf6 12. Nd5 Qd8 13. Nd2 Re8 14. Rc1 Bf8 15. Nb3 Bg4 16. Nxd4 Nxd4 17. Qxd4 Bxe2 18. Rfe1 Rc8 19. Qxa7 Ba6 20. Qd4 Rc2 21. h4 Qc8 22. Qf4 Ree2 23. Kh2 h6 24. Rxe2 Bxe2 25. Rxc2 Qxc2 26. Qb8 Qc5 27. b4 Qd6 28. Qxb7 g5 29. hxg5 hxg5 30. Qc8 Qe5 31. a3 Qh8+ 32. Qh3 Qe5 33. Ne3 Bd3 34. Qg4 Be7 35. Nd5 Bd6 36. Be4 Bb5 37. Qc8+ Kg7 38. Qc3 Bd7 39. Qxe5+ Bxe5 40. Bc2 Bc6 41. Ne3 Bc3 42. Bb3 Kf6 43. Kg1 Ke7 44. Kf1 f6 45. Ke2 Kd6 46. Kd3 Be1 47. Ke2 Bc3 48. f4 gxf4 49. gxf4 Bb5+ 50. Kd1 Bd3 51. Nd5 Bd4 52. Kd2 Bf1 53. Ne3 Bh3 54. Kd3 Ba7 55. a4 Bd7 56. Nc4+ Kc7 57. b5 Bf5+ 58. Kc3 Bc5 59. a5 Kb7 60. Bd1 Be6 61. Bf3+ Ka7 62. Nb2 Bd6 63. Nd3 Bd7 64. Kc4 Be6+ 65. Bd5 Bc8 66. Nb4 Bh3 67. b6+ 1-0

[Event "YUG-chT Cup"]
[Site "Becici"]
[Date "1994.??.??"]
[Round "?"]
[White "Dabetic, Radojica"]
[Black "Draskovic, Dragan"]
[Result "1-0"]
[WhiteElo "2325"]
[BlackElo "2265"]
[PlyCount "73"]
[EventDate "1994.??.??"]
[EventType "team"]
[EventRounds "6"]
[EventCountry "YUG"]
[SourceTitle "EXT 2000"]
[Source "ChessBase"]
[SourceDate "1999.11.16"]
[SourceVersion "1"]
[SourceVersionDate "1999.11.16"]
[SourceQuality "1"]

1. e4 e6 2. d4 d5 3. Nd2 Nf6 4. e5 Nfd7 5. Bd3 c5 6. c3 Nc6 7. Ne2 cxd4 8. cxd4 Qb6 9. Nf3 f6 10. exf6 Nxf6 11. 0-0 Bd6 12. Nc3 a6 13. a3 0-0 14. Be3 Qc7 15. h3 Bd7 16. Re1 Rae8 17. Rc1 Bf4 18. Bb1 Bxe3 19. Rxe3 Qf4 20. b4 Nh5 21. Na4 Re7 22. Nc5 Bc8 23. Nd3 Qh6 24. Nde5 Nxe5 25. Nxe5 Nf4 26. Rcc3 g6 27. Bd3 Nxd3 28. Qxd3 Bd7 29. Rf3 Bb5 30. Rxf8+ Qxf8 31. Qe3 Kg7 32. Ng4 Kh8 33. Qe5+ Rg7 34. Rf3 Qe7 35. Nh6 Be8 36. Rf6 Bd7 37. Rf7 1-0

[Event "YUG-chT"]
[Site "Igalo"]
[Date "1994.??.??"]
[Round "8"]
[White "Ristic, Nenad"]
[Black "Dabetic, Radojica"]
[Result "1/2-1/2"]
[WhiteElo "2380"]
[BlackElo "2325"]
[PlyCount "124"]
[EventDate "1994.??.??"]
[EventType "team"]
[EventRounds "9"]
[EventCountry "YUG"]
[SourceTitle "EXT 2002"]
[Source "ChessBase"]
[SourceDate "2001.11.25"]
[SourceVersion "1"]
[SourceVersionDate "2001.11.25"]
[SourceQuality "1"]

1. e4 c5 2. c3 e6 3. d4 d5 4. exd5 exd5 5. Be3 cxd4 6. Bxd4 Nc6 7. Nf3 Be6 8. Qa4 a6 9. Bd3 Nf6 10. 0-0 Bd6 11. Be5 0-0 12. Bxd6 Qxd6 13. Qh4 Rfe8 14. Nbd2 h6 15. Nb3 Rac8 16. Rfe1 Bg4 17. Nbd4 Bxf3 18. Nxf3 Qc5 19. Qa4 Qb6 20. Qb3 Qc7 21. h3 Na5 22. Qb4 Nc4 23. Rad1 g6 24. Rxe8+ Rxe8 25. Bxc4 dxc4 26. Rd4 Re4 27. Qd6 Qxd6 28. Rxd6 Kg7 29. Kf1 Re7 30. Rd4 Re4 31. Rd8 Re6 32. Nd2 Rc6 33. a3 Rc5 34. Rd6 Rc7 35. Rd4 b5 36. Rd6 Rd7 37. Ne4 Rxd6 38. Nxd6 Nd7 39. a4 bxa4 40. Nxc4 Nc5 41. Ke2 Kf6 42. Ke3 Ke6 43. Nb6 Kd6 44. Kd4 Ne6+ 45. Ke3 Nc5 46. f4 Kc6 47. Nc4 f6 48. g4 Kd5 49. Nd2 Nd7 50. h4 g5 51. hxg5 hxg5 52. c4+ Kc5 53. fxg5 fxg5 54. Ke4 a5 55. Kd3 Nf6 56. Kc3 Nxg4 57. Ne4+ Kc6 58. Nxg5 Nf2 59. Ne6 Nd1+ 60. Kc2 Ne3+ 61. Kd3 Nd1 62. Kc2 Ne3+ 1/2-1/2